|
|
|
|
| LEADER |
00000nab a2200000 a 4500 |
| 001 |
vtls000887692 |
| 003 |
SK-MaSNL |
| 005 |
20260304201459.0 |
| 008 |
140402c2004 xo 0 slo |
| 015 |
|
|
|a SNBRB2004/10-29704
|
| 035 |
|
|
|a CLN000239127
|
| 040 |
|
|
|a SNKBUCL
|b slo
|c SNKBUCL
|e AACR2
|
| 041 |
0 |
|
|a slo
|
| 044 |
|
|
|a xo
|c SK
|
| 080 |
|
|
|a 338.48(498):658.8
|2 1997
|
| 080 |
|
|
|a 658.8
|2 1997
|
| 080 |
|
|
|a 339.138
|2 1997
|
| 100 |
1 |
|
|a Nedelea, Alexander
|4 aut
|9 1533354
|
| 245 |
1 |
0 |
|a Marketingové stratégie cestovného ruchu v Rumunsku
|c Alexander Nedelea
|
| 504 |
|
|
|a Bibliogr. odkazy
|
| 650 |
0 |
7 |
|a ruch cestovný
|x stratégia marketingová
|z Rumunsko
|2 snkbucl
|9 1533355
|
| 650 |
0 |
7 |
|a marketingové stratégie
|2 snkbucl
|9 73053
|
| 650 |
0 |
7 |
|a marketing
|2 snkbucl
|9 2299
|
| 655 |
|
7 |
|a články z novín a časopisov
|2 snkbucl
|9 267496
|
| 773 |
0 |
|
|t Ekonomická revue cestovného ruchu
|g Roč. 37, č. 3 (2004), s. 183-86
|x 0139-8660
|
| 850 |
|
|
|a Slovenská národná knižnica v Martine
|
| 852 |
|
|
|a SNK
|b KIS3GCP
|
| 958 |
|
|
|a NB
|
| 958 |
|
|
|a RO
|
| 992 |
|
|
|a RBX
|
| 999 |
|
|
|c 3095239
|d 3097169
|